| 000 | 01408nam a2200265 i 4500 | ||
|---|---|---|---|
| 001 | 153464 | ||
| 003 | ES-MaACL | ||
| 005 | 20251215154810.0 | ||
| 008 | 931025s1756 sp ax |||| | spa d | ||
| 040 |
_aCARM _bspa _cPAB |
||
| 100 | 1 |
_aDíaz Salgado, Juan. _944419 _eaut |
|
| 245 | 1 | 0 |
_aSystema physico medico-politico de la peste : _bsu preservacion, y curacion, para el uso, y instruccion de las diputaciones de Sanidad de este Reyno / _cle escrivia Don Juan Diaz Salgado ... |
| 260 |
_aEn Madrid : _ben la oficina de Antonio Sanz..., _c1756. |
||
| 300 |
_a[40], 111, [1] p. en bl., [1] h. de grab. ; _c4º. |
||
| 530 | _aDisponible en formato digital. | ||
| 597 | _aSign.:¶-¶¶8, ¶¶¶4, A-G8. | ||
| 599 | _aEntre [calderón]1 y [calderón]2 grab. calc.: "Ioans. Ferdinandus Palomino. delin. et incid".., retrato de Fernando VI. | ||
| 650 | 4 |
_aPeste- _vObras anteriores a 1800. _9150947 |
|
| 700 | 1 |
_aPalomino, Juan Fernando, _dm. 1793 _9155237 |
|
| 852 |
_aES-MaACL _jR-3423 _dOlim: G-15511 _9159050 _zCotejado con la relación de obras recuperadas _zCambio de signatura. Datos tomados del fichero topográfico R _qFalto de la hoja de grab. _hDonativo de Parada _xEncuadernación en pergamino |
||
| 856 |
_uhttp://bdh-rd.bne.es/viewer.vm?id=0000126114&page=1 _zBiblioteca Digital Hispánica |
||
| 942 |
_2udc _cMONANT _n0 |
||
| 999 |
_c153464 _d153464 |
||